000 00762nam a22002057a 4500
999 _c1003
_d1003
003 AR-CdUCM
008 190226b ||||| |||| 00| 0 spa d
040 _aMUNICIPALIDAD PROVINCIAL DEL CUSCO
_cBIBLIOTECA MUNICIPAL DEL CUSCO
082 _a985.019 /
_bP19
100 _aPalomino Diaz, Julio
_93902
245 _aIntiwatanas y números /
260 _aCusco :
_bMunicipalidad del Cusco,
_c1994.
300 _a114 páginas ;
_c20.5 cm.
505 _aContenido: A la búsqueda de la unidad de medida inka -- El observatorio astronómico de Suchuna, Saqsaywaman -- El intiwatana -- Intiwatana y números ...
650 _aConcepción arquitectónica
_93903
650 _aCusco
_9772
650 _aSuchuna
_93904
942 _2ddc
_cLIBROS
945 _aafb
_d2019-02-26